[Event "AUTO-INT-1794"]
[Site "http://www.queenalice.com/game.php?id=820991"]
[Date "2010.8.20"]
[Round "1"]
[White "Football_rules"]
[Black "debia"]
[Result "1-0"]
[WhiteElo "1587"]
[BlackElo "1547"]

1. e4 e5 2. d3 d5 3. exd5 Qxd5 4. Nc3 Qa5 5. Bd2 Nc6 6. Ne4 Bb4 7. c3 Be7 8. Nf3
f6 9. h3 Bf5 10. Be2 g5 11. Qb3 b5 12. c4 b4 13. a3 Rb8 14. O-O Nh6 15. axb4 Qb6
16. c5 Qb7 17. Qa4 Bd7 18. Qb3 Nf5 19. Bc3 Qc8 20. Qc4 Be6 21. Nxf6+ Bxf6 22.
Qe4 Qb7 23. Bd1 O-O 24. Ba4 Nd8 25. c6 Qb6 26. b5 Nd6 27. Qe2 g4 28. Nxe5 gxh3
29. Nd7 Bxd7 30. cxd7 N8f7 31. Bxf6 Nf5 32. Qg4+ Ng5 33. Qxg5+ Kf7 34. Bb3+ 1-0

[Event "AUTO-INT-1794"]
[Site "http://www.queenalice.com/game.php?id=820992"]
[Date "2010.8.20"]
[Round "1"]
[White "debia"]
[Black "Football_rules"]
[Result "0-1"]
[WhiteElo "1533"]
[BlackElo "1590"]

1. g4 e5 2. e4 d5 3. Bg2 Bc5 4. Nh3 Nf6 5. f3 dxe4 6. c3 exf3 7. Bxf3 h6 8. b4
Bb6 9. Na3 a6 10. d3 Be6 11. b5 O-O 12. Bxb7 Bxg4 13. Bf3 Qd7 14. Ng1 Bxf3 15.
Qxf3 e4 16. dxe4 Re8 17. Ne2 Nxe4 18. c4 Ng5 19. Qxa8 Nc6 20. bxc6 Qe7 21. Qxe8+
Qxe8 22. Rf1 Ne4 23. Bb2 Qxc6 24. Rd1 Ba5+ 25. Bc3 Bxc3+ 26. Nxc3 Nxc3 27. Rd8+
Kh7 28. Nc2 Qxc4 29. Re8 Qh4+ 30. Kd2 Nxa2 31. Rxf7 Qxh2+ 32. Re2 Qd6+ 33. Ke1
Nc3 34. Re3 Qd1+ 35. Kf2 Qxc2+ 36. Kf3 a5 37. Rxc7 Qf5+ 38. Kg3 Nd5 39. Rc5 Qf4+
0-1

[Event "AUTO-INT-1794"]
[Site "http://www.queenalice.com/game.php?id=821005"]
[Date "2010.8.20"]
[Round "1"]
[White "debia"]
[Black "V_Spy"]
[Result "0-1"]
[WhiteElo "1568"]
[BlackElo "1752"]

1. g4 d5 2. d4 Bxg4 3. h3 Be6 4. Nc3 Nc6 5. a3 Nf6 6. Bf4 Nh5 7. Bh2 g6 8. e3 a6
9. b4 Bg7 10. Bd3 O-O 11. Qf3 b5 12. O-O-O Qd7 13. Bf1 a5 14. Nxb5 axb4 15. Rd3
Ra5 16. Rb3 Rfa8 17. Nxc7 R8a7 18. Nb5 Rb7 19. Kd2 Nf6 20. Kc1 bxa3 21. Nxa3
Rxb3 22. cxb3 Rxa3 23. Kb2 Qa7 24. Kc3 Qa5+ 25. Kd3 Rxb3+ 26. Ke2 Qa2+ 27. Ke1
Rb1+ 28. Qd1 Rxd1+ 29. Kxd1 Nb4 30. Ne2 Qa1+ 31. Nc1 Ne4 32. Rg1 Nxf2+ 33. Kd2
Bxd4 34. Ne2 Ne4# 0-1

[Event "AUTO-INT-1794"]
[Site "http://www.queenalice.com/game.php?id=821006"]
[Date "2010.8.20"]
[Round "1"]
[White "V_Spy"]
[Black "debia"]
[Result "1-0"]
[WhiteElo "1748"]
[BlackElo "1591"]

1. e4 g6 2. d4 d5 3. Bb5+ c6 4. Ba4 b5 5. Bb3 e6 6. Qe2 Bg7 7. Nf3 h6 8. exd5
cxd5 9. Qxb5+ Bd7 10. Qe2 a6 11. O-O Nc6 12. Be3 Nf6 13. Qd2 Ne4 14. Qd3 g5 15.
c4 Nb4 16. Qe2 dxc4 17. Qxc4 Nc6 18. d5 Na5 19. Qxe4 Bxb2 20. dxe6 fxe6 21. Qg6+
Kf8 22. Bc5+ Qe7 23. Bxe7+ Kxe7 24. Nbd2 Rag8 25. Qd3 Bxa1 26. Rxa1 Bb5 27. Nc4
Nc6 28. Qe4 Rf8 29. Nb6 Rf6 30. Ba4 Rf4 31. Nd5+ Kd8 32. Qxe6 Rxa4 33. Qf6+ Kd7
34. Ne5+ Nxe5 35. Qxe5 Re8 36. Nf6+ Kc8 37. Rc1+ Kb7 38. Nxe8 Bxe8 39. Qxe8 Rxa2
40. Qc6+ Kb8 41. Rb1+ 1-0

[Event "AUTO-INT-1794"]
[Site "http://www.queenalice.com/game.php?id=821007"]
[Date "2010.8.20"]
[Round "1"]
[White "debia"]
[Black "roqqk"]
[Result "0-1"]
[WhiteElo "1553"]
[BlackElo "1644"]

1. g4 d6 2. Bh3 Nh6 3. e3 b6 4. Qf3 c6 5. b4 a5 6. b5 Qc7 7. Na3 e5 8. d4 Ra7 9.
Ne2 Bb7 10. e4 c5 11. d5 Be7 12. g5 Ng8 13. Ng3 f6 14. Nh5 Kf8 15. gxf6 gxf6 16.
Qg4 Bd8 17. Be3 f5 18. Qxf5+ Qf7 19. Qg4 Nf6 20. Bh6+ Ke8 21. Ng7+ Ke7 22. Nf5+
Kd7 23. Qh4 Kc7 24. Nc4 Nxe4 25. Qxe4 Bxd5 26. Qd3 Bxc4 27. Qxd6+ Kb7 28. Bg2+
Kc8 29. Bg7 Re8 30. Bxe5 Bc7 31. Qd2 Bxe5 32. Be4 Rd7 33. Qc1 Bc3+ 0-1

[Event "AUTO-INT-1794"]
[Site "http://www.queenalice.com/game.php?id=821008"]
[Date "2010.8.20"]
[Round "1"]
[White "roqqk"]
[Black "debia"]
[Result "0-1"]
[WhiteElo "1656"]
[BlackElo "1541"]

1. e4 e5 2. Nf3 f6 3. Bc4 Ne7 4. O-O a6 5. d3 b5 6. Bd5 c6 7. Bb3 Ng6 8. a4 a5
9. d4 b4 10. Be3 Ba6 11. c4 bxc3 12. Re1 cxb2 13. Ra2 Bb4 14. Bd2 Qb6 15. Rxb2
exd4 16. Bxb4 axb4 17. Nxd4 Nf4 18. e5 f5 19. Nxf5 Kf8 20. Qg4 Ng6 21. e6 dxe6
22. Nd6 Ra7 23. Qf3+ Ke7 24. Nf5+ Kd8 25. Rd2+ Kc7 26. Bxe6 Rd8 27. Qg3+ Kb7 28.
Nd6+ Ka8 29. Ra2 Qd4 30. Rd2 Qc5 31. Nb5 Rxd2 32. Nxa7 Rc2 33. Nxc6 Nxc6 34. Bd5
Rc1 35. Qe3 Rxe1+ 36. Qxe1 Qxd5 37. Nd2 Nf4 38. Qe8+ Ka7 39. Qe3+ Nd4 40. Nf3
Ne2+ 41. Kf1 Ng3+ 42. Ke1 Nf5 43. Qc1 Qe4+ 0-1

[Event "Challenge"]
[Site "http://www.queenalice.com/game.php?id=822049"]
[Date "2010.8.23"]
[Round "-"]
[White "claudiocaire"]
[Black "debia"]
[Result "1/2-1/2"]
[WhiteElo "1546"]
[BlackElo "1531"]

1. e4 e5 2. Qh5 Qe7 3. Qf3 Nf6 4. Qc3 Nc6 5. d3 h6 6. Be3 b6 7. Na3 Ba6 8. b4 b5
9. h4 Qe6 10. d4 Bxb4 11. Qxb4 Nxb4 12. d5 Qg4 13. f3 Qg3+ 14. Bf2 Qg6 15. Bxb5
Bb7 16. Rb1 a5 17. c3 Ba6 18. cxb4 axb4 19. Rxb4 c6 20. Bxa6 Qxg2 21. Rh3 Ke7
22. Rb6 Nh5 23. dxc6 dxc6 24. Rxc6 Rhd8 25. Bc5+ Ke8 26. Bb5 Rd7 27. Bf2 Nf4 28.
Rg3 Qh2 29. Rxg7 Ng2+ 30. Kf1 Kf8 31. Rg4 Nf4 32. Bc5+ Re7 33. Rxh6 Ng6 34. h5
Qd2 35. Rh7 Qc1+ 36. Kg2 Qxc5 37. hxg6 fxg6 38. Rh8+ Kg7 39. Rxa8 Ra7 40. Rxa7+
Qxa7 41. Nc4 Qc5 42. Ba6 Qd4 43. Rg5 Qc3 44. Nxe5 Qd2+ 45. Ne2 Qxg5+ 46. Ng4 Qd2
47. Bc4 g5 48. e5 Qc2 49. Ne3 Qd2 50. Nf5+ Kh7 51. Kf2 Qa5 52. Nd6 Qc5+ 53. Kg2
Qxe5 54. Bd3+ Kg7 55. Nf5+ Kf6 56. Nh6 Qd5 57. Be4 Qxa2 58. Kf2 Kg7 59. Nf5+ Kf8
60. Ne3 Qe6 61. Nd4 Qe5 62. Nc6 Qb2+ 63. Kg3 Qc3 64. Nf5 Qe1+ 65. Kg4 Qd2 66.
Kh5 Qf4 67. Nd8 Ke8 68. Ne6 Qd2 69. Nxg5 Qh2+ 70. Kg6 Qe5 71. Bc6+ Kf8 72. Nh7+
Kg8 73. Bd7 Kh8 74. Ng5 Kg8 75. Nh7 Kh8 76. Nf8 Kg8 77. Nh7 1/2-1/2

[Event "Challenge"]
[Site "http://www.queenalice.com/game.php?id=826392"]
[Date "2010.9.1"]
[Round "-"]
[White "claudiocaire"]
[Black "debia"]
[Result "1-0"]
[WhiteElo "1638"]
[BlackElo "1582"]

1. e4 e5 2. Qf3 Nf6 3. Bc4 Nc6 4. c3 d6 5. h3 a6 6. g4 h6 7. b4 b5 8. Bd5 Qd7 9.
Bxc6 Qxc6 10. Ne2 Nxe4 11. d3 Nf6 12. Qxc6+ Ke7 13. Qxa8 Kd8 14. g5 Nh5 15. gxh6
gxh6 16. a4 bxa4 17. Rxa4 Ke7 18. Qxc8 Bg7 19. Qxc7+ Ke6 20. Rxa6 Kf5 21. Qxf7+
Nf6 22. Qxg7 Rh7 23. Qf8 h5 24. Rxd6 1-0

[Event "Challenge"]
[Site "http://www.queenalice.com/game.php?id=828506"]
[Date "2010.9.5"]
[Round "-"]
[White "Pabl"]
[Black "debia"]
[Result "1-0"]
[WhiteElo "1638"]
[BlackElo "1563"]

1. e4 e5 2. Nf3 Bd6 3. d4 Nf6 4. dxe5 Nxe4 5. Nc3 Nc5 6. exd6 c6 7. Qe2+ Ne6 8.
Ng5 O-O 9. Qh5 h6 10. Bd3 Nxg5 11. Bxg5 Qxg5 12. Qxg5 hxg5 13. O-O-O b5 14. Be4
Na6 15. Nxb5 Re8 16. Nc3 Nc5 17. Rhe1 Rf8 18. Re3 Ba6 19. Rh3 g6 20. b3 g4 21.
Rg3 f5 22. Bd3 Bb7 23. h3 Rf6 24. hxg4 f4 25. Rh3 Rxd6 26. Ne4 1-0

[Event "Challenge"]
[Site "http://www.queenalice.com/game.php?id=828507"]
[Date "2010.9.5"]
[Round "-"]
[White "debia"]
[Black "Pabl"]
[Result "0-1"]
[WhiteElo "1577"]
[BlackElo "1624"]

1. e4 e5 2. Bc4 c6 3. Qf3 Nf6 4. d3 Bb4+ 5. c3 Ba5 6. Bg5 O-O 7. Ne2 Qb6 8. b3
Qd8 9. Ng3 h6 10. Bh4 g5 11. Bxg5 hxg5 12. Nf5 b5 13. Bd5 cxd5 14. exd5 Qc7 15.
d6 Qc5 16. b4 Bxb4 17. cxb4 Qc1+ 18. Qd1 Qxd1+ 19. Kxd1 Nc6 20. Nc3 Nxb4 21. Kd2
Bb7 22. f3 a6 23. a3 Nbd5 24. Ne4 Nxe4+ 25. fxe4 Nf4 0-1

[Event "Challenge"]
[Site "http://www.queenalice.com/game.php?id=839001"]
[Date "2010.9.28"]
[Round "-"]
[White "debia"]
[Black "claudiocaire"]
[Result "1-0"]
[WhiteElo "1519"]
[BlackElo "1592"]

1. e4 e5 2. Bc4 Nf6 3. Qf3 Bc5 4. Ne2 d6 5. h3 Be6 6. Bb5+ c6 7. Bd3 g5 8. g4 h5
9. gxh5 Rxh5 10. Ng3 g4 11. hxg4 Bxg4 12. Qg2 Rxh1+ 13. Qxh1 Kd7 14. f3 Be6 15.
a3 Qb6 16. Kd1 d5 17. Nc3 Qc7 18. b4 Bd4 19. Qh4 Qd8 20. Rb1 Bf2 21. Qg5 d4 22.
Nce2 Qh8 23. b5 Bxg3 24. Nxg3 cxb5 25. Rxb5 Na6 26. Rxb7+ Kc8 27. Bxa6 Kd8 28.
a4 Bc8 29. Rxf7 Bxa6 30. Rxf6 Kc7 31. Qxe5+ Kb7 32. Qd5+ Kb8 33. Qd6+ Kc8 34.
Qxa6+ Kd8 35. Rd6+ Ke7 36. Nf5+ Kf7 37. Qb7+ Kg8 38. Qxa8+ Kh7 39. Rd7+ 1-0